تاريخ الجاسوسية العالمية : (رقم التسجيلة. 6986)

تفاصيل مارك
000 -LEADER
fixed length control field 00668nam a22001817a 4500
005 - DATE AND TIME OF LATEST TRANSACTION
control field 20251108164230.0
008 - FIXED-LENGTH DATA ELEMENTS--GENERAL INFORMATION
fixed length control field 250721s1998 xx 000 0 ara d
082 14 - DEWEY DECIMAL CLASSIFICATION NUMBER
Classification number 327.12/ايت
100 1# - MAIN ENTRY--PERSONAL NAME
Personal name ايتيان، جينوفيفا
245 10 - TITLE STATEMENT
Title تاريخ الجاسوسية العالمية :
Remainder of title الإستخبارات السرية منذ رمسيس الثاني و حتى اليوم /
264 1# - PRODUCTION, PUBLICATION, DISTRIBUTION, MANUFACTURE, AND COPYRIGHT NOTICE
Place of production, publication, distribution, manufacture دمشق :
Name of producer, publisher, distributor, manufacturer دار الفاضل للتأليف و الترجمة و النشر،
Date of production, publication, distribution, manufacture, or copyright notice 1998.
300 ## - PHYSICAL DESCRIPTION
Extent 433ص
650 17 - SUBJECT ADDED ENTRY--TOPICAL TERM
Topical term or geographic name as entry element الجاسوسية
700 1# - ADDED ENTRY--PERSONAL NAME
Personal name مونيكيه، كلود
700 1# - ADDED ENTRY--PERSONAL NAME
Personal name بطش، مروان
Relator term ترجمة
942 ## - ADDED ENTRY ELEMENTS (KOHA)
Source of classification or shelving scheme Dewey Decimal Classification
Koha item type كتب
المقتنيات
حالة السحب حالة الفقدان مصدر التصنيف حالة التلف غير قابل للإعارة المكتبة الرئيسية المكتبة الحالية موقع الرف تاريخ التزويد الرقم المتسلسل Total Checkouts رقم الإستدعاء الباركود تاريخ آخر ظهور تاريخ الفاتورة نوع المادة (كوها)
    Dewey Decimal Classification     مكتبة البراعم الواعدة مكتبة البراعم الواعدة الإعارة 08/07/2015 1473885   327.12/ايت PLD00336852 28/07/2025 08/07/2015 كتب
    Dewey Decimal Classification     مكتبة صويلح العامة مكتبة صويلح العامة الإعارة 06/07/2004 310159   327.12/ايت 310159 28/07/2025 06/07/2004 كتب
Implemented & Customized by: BBB with SCIT (Smart Chains for Information Technology)

Powered by Koha